00553nam a2200205 i 4500001001100000003000500011005001700016008004100033040002500074082001200099090001700111245004300128264007000171300001000241336002100251337002500272338002300297942001000320999001700330C2-0281036PPAK20180728011809.0070726s1998 my |||| ||||| | may d aPPAKbengcPPAKerda04a32022300a320bPOLdKK00aPolitik (Keratan Akhbar Koleksi Kedah) 1aAlor Setar, Kedah : bPerbadanan Perpustakaan Awam Kedah , c1998 c33 cm 2rdacontentatext 2rdamediaaunmediated 2rdacarrieravolume ddccB c87491d87491